Využití bibliometrické metody při profilací informačního fondu československého lázeňství

Guardado en:
Detalles Bibliográficos
Autor principal: Kosíková, Ludmila
Otros Autores: Procházková, Hana
Formato: Libro
Lenguaje:checo
Publicado: Praha Ústředí vědeckých, technických a ekonomických informací 1978
Colección:Výměna zkušeností 4
Etiquetas: Agregar Etiqueta
Sin Etiquetas, Sea el primero en etiquetar este registro!

MARC

LEADER 00000nam a2200000 4500
001 0215467
005 20240109105227.9
041 0 |a cze 
044 |a CZ 
245 1 0 |a Využití bibliometrické metody při profilací informačního fondu československého lázeňství  |c Ludmila Kosíková, Hana Procházková 
264 1 |a Praha  |b Ústředí vědeckých, technických a ekonomických informací  |c 1978 
300 |a 66 s. 
490 1 |a Výměna zkušeností  |v 4 
830 0 |a Výměna zkušeností  |v 4 
100 1 |a Kosíková, Ludmila 
700 1 |a Procházková, Hana